Industrialization in the Middle East (Record no. 367061)

000 -LEADER
fixed length control field 00428cam a22001337a 4500
008 - FIXED-LENGTH DATA ELEMENTS--GENERAL INFORMATION
fixed length control field 180718b1960 xxu||||| |||| 00| 0 eng d
082 ## - DEWEY DECIMAL CLASSIFICATION NUMBER
Classification number T2x56 G927
100 ## - MAIN ENTRY--PERSONAL NAME
Personal name Grunwald, Kurt
245 ## - TITLE STATEMENT
Title Industrialization in the Middle East
Statement of responsibility, etc. by Kurt Grunwald and Joachim O. Ronald
260 ## - PUBLICATION, DISTRIBUTION, ETC.
Place of publication, distribution, etc. New York
Name of publisher, distributor, etc. Council for Middle Eastern Affairs Press
Date of publication, distribution, etc. 1960
300 ## - PHYSICAL DESCRIPTION
Extent 394p.
650 ## - SUBJECT ADDED ENTRY--TOPICAL TERM
Topical term or geographic name entry element Industry - Asia, West
700 ## - ADDED ENTRY--PERSONAL NAME
Personal name Ronald, Joachim O.
Holdings
Withdrawn status Lost status Damaged status Not for loan Permanent Location Current Location Date acquired Full call number Barcode Date last seen Price effective from Koha item type
        Indian Institute of Public Administration Indian Institute of Public Administration 1994-05-09 T2x56 G927 23297 2018-07-21 2018-07-21 Book

Powered by Koha